UM Logo

Developing world/ (Record no. 6022)

MARC details
000 -LEADER
fixed length control field 00582nam a22001697a 4500
008 - FIXED-LENGTH DATA ELEMENTS--GENERAL INFORMATION
fixed length control field 161214b xxu||||| |||| 00| 0 eng d
020 ## - INTERNATIONAL STANDARD BOOK NUMBER
International Standard Book Number 978-0-07-339782-5
082 ## - DEWEY DECIMAL CLASSIFICATION NUMBER
Edition number 2009
Classification number DRef 658.05
Item number D49
245 ## - TITLE STATEMENT
Title Developing world/
Statement of responsibility, etc. edited by Robert J. Griffiths.
250 ## - EDITION STATEMENT
Edition statement 19th edition
260 ## - PUBLICATION, DISTRIBUTION, ETC. (IMPRINT)
Place of publication, distribution, etc. Boston:
Name of publisher, distributor, etc. McGraw-Hill Higher Education,
Date of publication, distribution, etc. c2009.
300 ## - PHYSICAL DESCRIPTION
Extent xvi, 191 pages:
Other physical details illustrations;
Dimensions 28 cm.
500 ## - GENERAL NOTE
General note Includes bibliographical references.<br/>
650 #0 - SUBJECT ADDED ENTRY--TOPICAL TERM
9 (RLIN) 18276
Topical term or geographic name as entry element Developing countries
Form subdivision Periodicals
700 ## - ADDED ENTRY--PERSONAL NAME
9 (RLIN) 18277
Personal name Giffiths, Robert J.
942 ## - ADDED ENTRY ELEMENTS (KOHA)
Source of classification or shelving scheme Dewey Decimal Classification
Koha item type Reference
Holdings
Withdrawn status Lost status Source of classification or shelving scheme Damaged status Not for loan Collection code Home library Current library Date acquired Source of acquisition Total Checkouts Full call number Barcode Date last seen Price effective from Koha item type
    Dewey Decimal Classification     Reference UM Digos College - LIC UM Digos College - LIC 05/30/2011 Donated   DRef 658.05 D49 2009 21565 05/15/2025 12/14/2016 Reference